Library Logo

The great divorce / (Record no. 152631)

000 -LEADER
fixed length control field 00876cam a2200277 4500
001 - CONTROL NUMBER
control field 4553220
003 - CONTROL NUMBER IDENTIFIER
control field BD-DhUL
005 - DATE AND TIME OF LATEST TRANSACTION
control field 20170122102126.0
008 - FIXED-LENGTH DATA ELEMENTS--GENERAL INFORMATION
fixed length control field 691203s1969 nyu 000 0 eng
010 ## - LIBRARY OF CONGRESS CONTROL NUMBER
LC control number 72093142
040 ## - CATALOGING SOURCE
Original cataloging agency DLC
Transcribing agency BD-DhUL
Modifying agency BD-DhUL
050 00 - LIBRARY OF CONGRESS CALL NUMBER
Classification number BR83
Item number .L48
082 00 - DEWEY DECIMAL CLASSIFICATION NUMBER
Classification number 823.9
Item number LEG
100 1# - MAIN ENTRY--PERSONAL NAME
Personal name Lewis, C. S.
Fuller form of name (Clive Staples),
Dates associated with a name 1898-1963.
245 10 - TITLE STATEMENT
Title The great divorce /
250 ## - EDITION STATEMENT
Edition statement [Christianity today ed.]
260 ## - PUBLICATION, DISTRIBUTION, ETC. (IMPRINT)
Place of publication, distribution, etc. New York:
Name of publisher, distributor, etc. Iversen Associates,
Date of publication, distribution, etc. 1969.
300 ## - PHYSICAL DESCRIPTION
Extent vii, 520 p.
Dimensions 22 cm.
500 ## - GENERAL NOTE
General note On spine: The best of C. S. Lewis.
505 0# - FORMATTED CONTENTS NOTE
Formatted contents note The Screwtape letters.--The great divorce.--Miracles.--The case for Christianity.--Christian behaviour.
610 20 - SUBJECT ADDED ENTRY--CORPORATE NAME
Corporate name or jurisdiction name as entry element Church of England.
650 #0 - SUBJECT ADDED ENTRY--TOPICAL TERM
Topical term or geographic name as entry element Theology.
740 0# - ADDED ENTRY--UNCONTROLLED RELATED/ANALYTICAL TITLE
Uncontrolled related/analytical title Best of C. S. Lewis.
906 ## - LOCAL DATA ELEMENT F, LDF (RLIN)
a 7
b cbc
c orignew
d u
e ncip
f 19
g y-gencatlg
942 ## - ADDED ENTRY ELEMENTS (KOHA)
Source of classification or shelving scheme
Koha item type Books
Holdings
Price effective from Date last seen Permanent Location Not for loan Date acquired Source of classification or shelving scheme Koha item type Collection code Barcode Shelving location Lost status Damaged status Withdrawn status Current Location Full call number
2017-01-222017-01-22Dhaka University Library 2017-01-22 BooksFictionA131623General Stacks   Dhaka University Library823.9 LEG
2017-01-222017-01-22Dhaka University Library 2017-01-22 BooksFiction66071General Stacks   Dhaka University Library823.9 LEG
Last Updated on September 15, 2019
© Dhaka University Library. All Rights Reserved|Staff Login